Teaching English in the secondary school /

Guardat en:
Dades bibliogràfiques
Autor principal: Parker, Robert P. (Robert Prescott), 1937-
Altres autors: Daly, Maxine Elizabeth, 1916-
Format: Llibre
Idioma:English
Publicat: New York : Free Press, [1973].
Matèries:
LEADER 00945nam a2200241 i 4500
001 c000251433
003 CARM
005 20100728155424.0
008 840313s1973 nyu 0 eng d
019 1 |a 592295  |z 23868588  |5 LACONCORD2021 
035 |a (OCoLC)640368  |5 LACONCORD2021 
040 |a VLU  |c VLU 
082 0 4 |a 420.712 
100 1 |a Parker, Robert P.  |q (Robert Prescott),  |d 1937- 
245 1 0 |a Teaching English in the secondary school /  |c Robert P. Parker, Jr. [and] Maxine E. Daly. 
260 |a New York :  |b Free Press,  |c [1973]. 
300 |a 224 p. :  |b ill. 
504 |a Includes bibliographies. 
650 0 |a English language  |x Study and teaching (Secondary) 
700 1 |a Daly, Maxine Elizabeth,  |d 1916- 
852 8 |b CARM  |h A1:AP08A0  |i B07320  |p 0373159  |f BK 
999 f f |i a17e86f3-4082-50e8-afaa-ad2cca6624fb  |s 501284ae-3945-5ae2-8ba4-55702b64977a 
952 f f |p Can circulate  |a CAVAL  |b CAVAL  |c CAVAL  |d CARM 1 Store  |e B07320  |f A1:AP08A0  |h Other scheme  |i book  |m 0373159